[Event "Collado Villaoba op-B 34th"]
[Site "Collado Villalba"]
[Date "2017.08.26"]
[Round "5.32"]
[White "Rapaport, Andres Natalio"]
[Black "Andrade Sandoval, Marian"]
[Result "1-0"]
[WhiteElo "1362"]
[BlackElo "1222"]
[PlyCount "65"]
[EventDate "2017.08.22"]
[EventType "swiss"]
[EventRounds "9"]
[EventCountry "ESP"]

1. d4 d5 2. Nf3 Nf6 3. Bf4 Bf5 4. e3 e6 5. c4 c6 6. Be2 Be7 7. Nbd2 Nbd7 8. h3
b6 9. O-O Ne4 10. Ne5 Rc8 11. f3 Nxd2 12. Qxd2 f6 13. Nxd7 Qxd7 14. a3 g5 15.
Bh2 Bd6 16. f4 Qg7 17. Bh5+ Kd7 18. Be2 Rhg8 19. g4 gxf4 20. Kh1 Be4+ 21. Bf3
Qg5 22. Bxe4 fxe3 23. Qc2 Bxh2 24. Bf3 Bf4 25. b4 f5 26. Rg1 Qh4 27. Qg2 fxg4
28. Bxg4 Ke7 29. Qf3 Bc7 30. Raf1 Kd7 31. Qf7+ Qe7 32. Bxe6+ Kd8 33. Rxg8+ 1-0

[Event "Collado Villaoba op-B 34th"]
[Site "Collado Villalba"]
[Date "2017.08.26"]
[Round "5.33"]
[White "Tudoroiu, Adrian Eugeni"]
[Black "Perez Rodrigo, Alicia"]
[Result "1-0"]
[WhiteElo "1101"]
[BlackElo "1377"]
[PlyCount "47"]
[EventDate "2017.08.22"]
[EventType "swiss"]
[EventRounds "9"]
[EventCountry "ESP"]

1. d4 Nf6 2. Bf4 e6 3. e3 Bb4+ 4. Nd2 Ne4 5. c3 Nxd2 6. Qxd2 Be7 7. Nf3 Nc6 8.
Bd3 d5 9. Qc2 g6 10. h4 Bxh4 11. Rxh4 f6 12. Bxg6+ Kd7 13. Bxh7 b6 14. O-O-O
Ba6 15. Rg1 Qe7 16. Rgh1 Qg7 17. g4 Rad8 18. g5 fxg5 19. Bxg5 Rdf8 20. Bf4 Qf6
21. Rh6 Qg7 22. Rg1 Qe7 23. Bg5 Qd6 24. Bf6 1-0

[Event "34. Abierto Collado Villalba 2017 - B"]
[Site "Collado Villalba ESP"]
[Date "2017.08.27"]
[Round "6.1"]
[White "Sotoca Aguado, Jose"]
[Black "Khudov, Oleksandr"]
[Result "0-1"]
[WhiteElo "1885"]
[BlackElo "1838"]
[PlyCount "60"]
[EventDate "2017.08.22"]
[EventType "swiss"]
[EventRounds "9"]
[EventCountry "ESP"]
[SourceTitle "Ajedrez en Madrid"]
[Source "lmi"]
[SourceDate "2017.08.22"]
[SourceVersion "1"]
[SourceVersionDate "2017.08.31"]
[SourceQuality "1"]

1. e4 e6 2. d4 d5 3. Nc3 Nf6 4. Bg5 Bb4 5. e5 h6 6. Bd2 Bxc3 7. bxc3 Ne4 8. Bd3
Nxd2 9. Qxd2 c5 10. Nf3 c4 11. Be2 Nc6 12. O-O Bd7 13. Ne1 b5 14. f4 Qb6 15.
Nf3 a5 16. g4 O-O 17. Kh1 b4 18. g5 h5 19. Rg1 g6 20. Rab1 Rfb8 21. Qe3 Qa7 22.
Rbf1 bxc3 23. Qxc3 Rb7 24. Rb1 Rab8 25. Rxb7 Qxb7 26. Nd2 Qb2 27. Qg3 Qxd4 28.
Bxh5 Qxd2 29. f5 Qxc2 30. Bf3 Qxf5 0-1

[Event "34. Abierto Collado Villalba 2017 - B"]
[Site "Collado Villalba ESP"]
[Date "2017.08.27"]
[Round "6.2"]
[White "Bon Ibañez, Alejandro"]
[Black "Cuellar Gutierrez, Raul"]
[Result "0-1"]
[WhiteElo "1804"]
[BlackElo "1878"]
[PlyCount "110"]
[EventDate "2017.08.22"]
[EventType "swiss"]
[EventRounds "9"]
[EventCountry "ESP"]
[SourceTitle "Ajedrez en Madrid"]
[Source "lmi"]
[SourceDate "2017.08.22"]
[SourceVersion "1"]
[SourceVersionDate "2017.08.31"]
[SourceQuality "1"]

1. e4 e6 2. d4 d5 3. e5 c5 4. c3 Qb6 5. Nf3 Nc6 6. a3 c4 7. Nbd2 Bd7 8. Be2 Na5
9. O-O Ne7 10. Rb1 Qc7 11. b3 cxb3 12. Nxb3 Ba4 13. Nfd2 Qxc3 14. Bb2 Qc7 15.
Bd3 Nxb3 16. Nxb3 Nc6 17. Bc2 Be7 18. Qg4 Kf8 19. Rfc1 h5 20. Qf3 Kg8 21. Bd1
g6 22. Rc3 Kg7 23. Bc1 Qd8 24. Qf4 Rc8 25. Rf3 Qf8 26. Be2 b6 27. Rh3 Kg8 28.
Qd2 Qd8 29. Na1 Na5 30. g4 hxg4 31. Rxh8+ Kxh8 32. Qh6+ Kg8 33. Bxg4 Qf8 34.
Qh3 Bd7 35. Bh6 Qd8 36. Kh1 Bg5 37. Rg1 Bxh6 38. Qxh6 Qf8 39. Qg5 Qg7 40. Qe7
Bc6 41. Qxa7 Nc4 42. Nc2 Kh7 43. Qe7 Re8 44. Qc7 Bb5 45. Rg3 Qf8 46. Rh3+ Kg8
47. Bxe6 Rxe6 48. Qb7 Bc6 49. Qa6 Re8 50. Qa7 Ra8 51. Qc7 Rc8 52. Qa7 Qd8 53.
Rf3 Rc7 54. Qa6 Qb8 55. Nb4 Qb7 0-1

[Event "34. Abierto Collado Villalba 2017 - B"]
[Site "Collado Villalba ESP"]
[Date "2017.08.27"]
[Round "6.3"]
[White "Gonzalez Pabollet, Jesus Maria"]
[Black "Muñoz Morato, Miguel"]
[Result "1-0"]
[WhiteElo "1873"]
[BlackElo "1659"]
[PlyCount "99"]
[EventDate "2017.08.22"]
[EventType "swiss"]
[EventRounds "9"]
[EventCountry "ESP"]
[SourceTitle "Ajedrez en Madrid"]
[Source "lmi"]
[SourceDate "2017.08.22"]
[SourceVersion "1"]
[SourceVersionDate "2017.08.31"]
[SourceQuality "1"]

1. Nf3 d5 2. d4 Nf6 3. Bf4 c6 4. e3 Bg4 5. Be2 e6 6. O-O Bd6 7. Bxd6 Qxd6 8.
Nbd2 O-O 9. c4 Nbd7 10. Re1 Ne4 11. c5 Qc7 12. Nxe4 dxe4 13. Nd2 Bxe2 14. Qxe2
f5 15. Nc4 Rf6 16. Nd6 Rh6 17. Qc4 Nb6 18. Qb3 Kf8 19. a3 Ke7 20. g3 Rf6 21.
Rab1 Rff8 22. Kg2 Rfb8 23. Nxe4 fxe4 24. cxb6 Qxb6 25. Qc2 Qb5 26. Qxe4 Qd5 27.
Qxd5 exd5 28. e4 dxe4 29. Rxe4+ Kf6 30. Rbe1 Rd8 31. Rf4+ Kg5 32. Re7 Rg8 33.
Rxb7 h5 34. Rc7 Raf8 35. h4+ Kh6 36. Rxc6+ g6 37. Rxf8 Rxf8 38. Rc7 Ra8 39. b4
a6 40. d5 Rd8 41. Rc6 Rxd5 42. Rxa6 Kg7 43. a4 Rd4 44. b5 Rb4 45. b6 Kf7 46. a5
Ke7 47. Ra7+ Kd6 48. Rg7 Kc6 49. Rxg6+ Kb7 50. Rg5 1-0

[Event "34. Abierto Collado Villalba 2017 - B"]
[Site "Collado Villalba ESP"]
[Date "2017.08.27"]
[Round "6.4"]
[White "Menguez Rodriguez, Felipe"]
[Black "Camarero Izquierdo, Juan Carlos"]
[Result "1/2-1/2"]
[WhiteElo "1736"]
[BlackElo "1844"]
[PlyCount "151"]
[EventDate "2017.08.22"]
[EventType "swiss"]
[EventRounds "9"]
[EventCountry "ESP"]
[SourceTitle "Ajedrez en Madrid"]
[Source "lmi"]
[SourceDate "2017.08.22"]
[SourceVersion "1"]
[SourceVersionDate "2017.08.31"]
[SourceQuality "1"]

1. e4 c5 2. c3 e6 3. d4 d5 4. e5 Nc6 5. Nf3 Nge7 6. Na3 Nf5 7. Nc2 Be7 8. Be2
O-O 9. O-O Bd7 10. Ne3 Nxe3 11. Bxe3 Qb6 12. Bd3 cxd4 13. cxd4 Nb4 14. Bb1 Rac8
15. a3 Na6 16. Qd3 g6 17. Qd2 Rc7 18. Bg5 f6 19. exf6 Bxf6 20. Bxf6 Rxf6 21.
Ne5 Be8 22. h4 Nb8 23. Qg5 Rf8 24. Rd1 Nc6 25. Ng4 Rg7 26. Qe3 Bd7 27. b4 a6
28. Ba2 Qd8 29. g3 Kh8 30. Rac1 Rgf7 31. Rc3 h5 32. Ne5 Nxe5 33. Qxe5+ Kg8 34.
Bb1 Rf6 35. Rd2 Bb5 36. Kg2 Bc4 37. Re3 b5 38. Qg5 Kg7 39. Qe5 Qb8 40. Qxb8
Rxb8 41. f4 Ra8 42. Rd1 a5 43. bxa5 Rxa5 44. Rde1 Kf7 45. Kh3 Ra6 46. Bd3 Rb6
47. Bxc4 bxc4 48. a4 Ra6 49. Ra1 Ke7 50. Kg2 Rf8 51. Kf3 Rb8 52. g4 hxg4+ 53.
Kxg4 Rb4 54. a5 Kd7 55. Kg5 Rb5 56. Rea3 Rb2 57. Kf6 Rh2 58. Kg5 Rg2+ 59. Kf6
Rg4 60. Rf1 Rxh4 61. Kxg6 e5+ 62. Kg5 Rxf4 63. Rxf4 exf4 64. Kxf4 Kc6 65. Ke5
Kb5 66. Kxd5 Kb4 67. Rh3 Rxa5+ 68. Ke6 Ra3 69. Rh1 c3 70. d5 c2 71. d6 Re3+ 72.
Kd7 Rd3 73. Rc1 Kb3 74. Kc7 Kb2 75. Rxc2+ Kxc2 76. d7 1/2-1/2

[Event "34. Abierto Collado Villalba 2017 - B"]
[Site "Collado Villalba ESP"]
[Date "2017.08.27"]
[Round "6.5"]
[White "Sanz Toledano, Alfonso"]
[Black "Gamboa Ondono, Jesus"]
[Result "0-1"]
[WhiteElo "1818"]
[BlackElo "1772"]
[PlyCount "92"]
[EventDate "2017.08.22"]
[EventType "swiss"]
[EventRounds "9"]
[EventCountry "ESP"]
[SourceTitle "Ajedrez en Madrid"]
[Source "lmi"]
[SourceDate "2017.08.22"]
[SourceVersion "1"]
[SourceVersionDate "2017.08.31"]
[SourceQuality "1"]

1. d4 Nf6 2. Nf3 e6 3. Bg5 d5 4. c4 Be7 5. Nc3 b6 6. e3 O-O 7. Qc2 Bb7 8. cxd5
Nxd5 9. Nxd5 exd5 10. Bf4 Bb4+ 11. Nd2 c5 12. Bd3 Bxd2+ 13. Qxd2 c4 14. Be2 Re8
15. O-O Nd7 16. Qc2 Nf6 17. Bg5 b5 18. Bf3 Qb6 19. Bxf6 Qxf6 20. b3 Rab8 21.
Qc3 Qb6 22. a4 b4 23. Qc2 c3 24. Rfe1 a5 25. Rac1 Rbd8 26. Be2 g6 27. Bd3 Bc6
28. Ra1 Bd7 29. Qe2 Qf6 30. Rec1 Rb8 31. Ra2 Qg5 32. Qf3 h5 33. h3 h4 34. Kh2
Rb6 35. Rg1 Rf6 36. Qe2 Bf5 37. Bxf5 Qxf5 38. Rf1 Qe4 39. Rc2 Rf5 40. Re1 Rg5
41. Rg1 f5 42. f4 Rg3 43. Re1 Rxe3 44. Qxe3 Qxe3 45. Rxe3 Rxe3 46. g3 Rd3 0-1

[Event "34. Abierto Collado Villalba 2017 - B"]
[Site "Collado Villalba ESP"]
[Date "2017.08.27"]
[Round "6.6"]
[White "Diaz Lopez, Victor"]
[Black "Garcia Prada, Alejandro"]
[Result "1-0"]
[WhiteElo "1800"]
[BlackElo "1505"]
[PlyCount "107"]
[EventDate "2017.08.22"]
[EventType "swiss"]
[EventRounds "9"]
[EventCountry "ESP"]
[SourceTitle "Ajedrez en Madrid"]
[Source "lmi"]
[SourceDate "2017.08.22"]
[SourceVersion "1"]
[SourceVersionDate "2017.08.31"]
[SourceQuality "1"]

1. c4 c5 2. g3 g6 3. Bg2 Bg7 4. e3 Nc6 5. Ne2 f5 6. d4 d6 7. dxc5 dxc5 8. Bxc6+
bxc6 9. Qxd8+ Kxd8 10. Nbc3 Nf6 11. b3 Nd7 12. Ba3 Be5 13. O-O-O Bd6 14. Na4
Kc7 15. Nf4 Nf6 16. f3 Bxf4 17. exf4 Nd7 18. Bxc5 Nxc5 19. Nxc5 Rd8 20. Rhe1
Rxd1+ 21. Kxd1 Kd6 22. Nd3 Bb7 23. c5+ Kd7 24. Kc2 a5 25. a3 e6 26. Ne5+ Ke7
27. Nc4 a4 28. b4 Rd8 29. Rd1 Rxd1 30. Kxd1 Ba6 31. Nb6 Bb5 32. Kd2 Kf6 33. Ke3
g5 34. Nc8 gxf4+ 35. Kxf4 e5+ 36. Ke3 Bc4 37. Na7 Bd5 38. b5 cxb5 39. c6 Bxc6
40. Nxc6 Ke6 41. Nb4 Kd6 42. g4 fxg4 43. fxg4 Kc5 44. Kd3 e4+ 45. Kxe4 Kc4 46.
Nd3 Kb3 47. Kd4 Kxa3 48. Kc3 h5 49. g5 h4 50. Kc2 b4 51. Nxb4 Kxb4 52. g6 a3
53. g7 a2 54. Kb2 1-0

[Event "34. Abierto Collado Villalba 2017 - B"]
[Site "Collado Villalba ESP"]
[Date "2017.08.27"]
[Round "6.7"]
[White "Fernandez Rios, Jose Francisco"]
[Black "Tirado Parra, Alberto"]
[Result "0-1"]
[WhiteElo "1771"]
[BlackElo "1863"]
[PlyCount "104"]
[EventDate "2017.08.22"]
[EventType "swiss"]
[EventRounds "9"]
[EventCountry "ESP"]
[SourceTitle "Ajedrez en Madrid"]
[Source "lmi"]
[SourceDate "2017.08.22"]
[SourceVersion "1"]
[SourceVersionDate "2017.08.31"]
[SourceQuality "1"]

1. d4 f5 2. Nc3 Nf6 3. Bg5 d5 4. e3 e6 5. Bd3 c5 6. Nf3 Nc6 7. O-O a6 8. dxc5
Bxc5 9. Na4 Be7 10. c4 dxc4 11. Be2 O-O 12. Qc1 b5 13. Nc3 Qc7 14. a3 Bb7 15.
Qc2 Rad8 16. Rfd1 Ng4 17. Bxe7 Qxe7 18. b3 Nce5 19. Nxe5 Nxe5 20. bxc4 Qg5 21.
e4 bxc4 22. f3 Qe3+ 23. Kh1 Nd3 24. Bxd3 Rxd3 25. Rac1 fxe4 26. Re1 Qg5 27.
Nxe4 Bxe4 28. Qxc4 Rd2 29. Qxe6+ Kh8 30. Qh3 Ba8 31. Rc8 Rdd8 32. Rxd8 Qxd8 33.
Qe6 a5 34. h3 h6 35. Qe7 Qxe7 36. Rxe7 Kh7 37. Ra7 Bxf3 38. Rxa5 Bc6 39. Rc5
Ba8 40. Rc2 Rf1+ 41. Kh2 Ra1 42. Rc3 Ra2 43. Rg3 h5 44. h4 g6 45. Kh3 Be4 46.
Kh2 Kg7 47. Kh3 Kf6 48. Re3 Bxg2+ 49. Kg3 Bd5 50. Rc3 Rg2+ 51. Kh3 Rb2 52. Rc5
Be6+ 0-1

[Event "34. Abierto Collado Villalba 2017 - B"]
[Site "Collado Villalba ESP"]
[Date "2017.08.27"]
[Round "6.8"]
[White "Rodriguez Gomez, Jose Antonio"]
[Black "Olias Muñoz, Francisco"]
[Result "0-1"]
[WhiteElo "1585"]
[BlackElo "1865"]
[PlyCount "92"]
[EventDate "2017.08.22"]
[EventType "swiss"]
[EventRounds "9"]
[EventCountry "ESP"]
[SourceTitle "Ajedrez en Madrid"]
[Source "lmi"]
[SourceDate "2017.08.22"]
[SourceVersion "1"]
[SourceVersionDate "2017.08.31"]
[SourceQuality "1"]

1. e4 e6 2. d4 d5 3. exd5 exd5 4. Nf3 Nf6 5. Bd3 Bd6 6. O-O O-O 7. Bg5 h6 8.
Bh4 Be6 9. Nbd2 Nbd7 10. c3 c5 11. Re1 g5 12. Bg3 Bxg3 13. hxg3 Bg4 14. Qc2
cxd4 15. cxd4 Rc8 16. Qb3 Nb6 17. Ne5 Be6 18. Qd1 Nc4 19. Rb1 Nxd2 20. Qxd2 Ne4
21. Bxe4 dxe4 22. Rxe4 Bf5 23. f3 Bxe4 24. fxe4 Re8 25. Qe3 Re6 26. Ng4 Rc4 27.
d5 Rexe4 28. Nxh6+ Kh7 29. Nxf7 Rxe3 30. Nxd8 Rc2 31. Ne6 Kg6 32. Nd4 Rd2 33.
Nf3 Rxd5 34. Kf2 Re7 35. g4 Rc7 36. Ne1 Rc4 37. Kg3 Rdd4 38. Nf3 Rxg4+ 39. Kh3
Rge4 40. Kg3 Rc2 41. Ne1 Rce2 42. Nf3 g4 43. Ng1 Re1 44. Rxe1 Rxe1 45. Kf2 Rb1
46. Ne2 Rxb2 0-1

[Event "34. Abierto Collado Villalba 2017 - B"]
[Site "Collado Villalba ESP"]
[Date "2017.08.27"]
[Round "6.9"]
[White "Osorio Ramos, Francisco"]
[Black "Alvarez Gonzalez, Eduardo"]
[Result "0-1"]
[WhiteElo "1845"]
[BlackElo "1761"]
[PlyCount "114"]
[EventDate "2017.08.22"]
[EventType "swiss"]
[EventRounds "9"]
[EventCountry "ESP"]
[SourceTitle "Ajedrez en Madrid"]
[Source "lmi"]
[SourceDate "2017.08.22"]
[SourceVersion "1"]
[SourceVersionDate "2017.08.31"]
[SourceQuality "1"]

1. d4 Nf6 2. c4 e6 3. Nf3 b6 4. a3 Bb7 5. Nc3 Be7 6. d5 d6 7. e4 e5 8. Bd3 Nbd7
9. b4 O-O 10. O-O Re8 11. Rb1 g6 12. Nd2 Nh5 13. g3 Bg5 14. Nb3 Bxc1 15. Qxc1
Qe7 16. Nb5 Rec8 17. Qe3 Ba6 18. Rfc1 Nhf6 19. Be2 c5 20. dxc6 Rxc6 21. a4 Nf8
22. Rd1 Bxb5 23. axb5 Rc7 24. Rd2 Ne6 25. Rbd1 Ne8 26. Kg2 Kg7 27. h4 f6 28. f4
Kg8 29. f5 gxf5 30. exf5 N6g7 31. g4 Rac8 32. Rc2 Qf8 33. Bf3 Kh8 34. Bc6 Qe7
35. c5 dxc5 36. bxc5 Rxc6 37. bxc6 Rxc6 38. Rdc1 Qc7 39. Qd3 bxc5 40. Rxc5 Rxc5
41. Rxc5 Qb7+ 42. Qd5 Qb4 43. Qc4 Qe1 44. h5 h6 45. Nc1 Nd6 46. Qe2 Qb4 47. Nd3
Qd4 48. Rc2 Ne4 49. Nf2 Nxf2 50. Qxf2 Qxg4+ 51. Kf1 Qxh5 52. Rc8+ Kh7 53. Rc7
Qd1+ 54. Kg2 Qg4+ 55. Kf1 a5 56. Ra7 a4 57. Rf7 Qc4+ 0-1

[Event "Collado Villaoba op-B 34th"]
[Site "Collado Villalba"]
[Date "2017.08.27"]
[Round "6.10"]
[White "Martin-Consuegra Barrilero, Francisco Javier"]
[Black "Fernandez Estremera, Fernando"]
[Result "0-1"]
[WhiteElo "1833"]
[BlackElo "1722"]
[PlyCount "236"]
[EventDate "2017.08.22"]
[EventType "swiss"]
[EventRounds "9"]
[EventCountry "ESP"]

1. Nf3 Nf6 2. d4 d5 3. Bf4 c5 4. c3 Nc6 5. e3 Qb6 6. Qb3 c4 7. Qxb6 axb6 8.
Nbd2 h6 9. h3 g5 10. Be5 Bf5 11. g4 Bg6 12. h4 Nxe5 13. Nxe5 gxh4 14. Nxg6 fxg6
15. f3 g5 16. Bg2 e6 17. e4 b5 18. e5 Nd7 19. O-O Be7 20. a3 O-O 21. Rf2 Rf4
22. Raf1 Nf8 23. Rd1 Ng6 24. Nf1 Raf8 25. Nh2 R4f7 26. Bf1 Nf4 27. Rc1 Ra8 28.
Rcc2 Bd8 29. Rfd2 Bb6 30. Kh1 Rff8 31. Be2 Ra7 32. Bf1 Rfa8 33. Rd1 Kg7 34.
Rdd2 Kf7 35. Rd1 Ke7 36. Rdd2 Kd7 37. Rd1 Kc6 38. Rdd2 Kd7 39. Rd1 Kc6 40. Rdd2
Bc7 41. Kg1 Bb6 42. Kh1 Rc8 43. Rd1 Kd7 44. Kg1 Rf8 45. Kh1 Rf7 46. Rcc1 Ra8
47. Rc2 Bd8 48. Kg1 Be7 49. Kh1 Raf8 50. Rf2 Kc6 51. Kg1 Ra8 52. Rc2 b6 53. Kh1
Bf8 54. Kg1 Rfa7 55. Kf2 Rf7 56. Ke1 Be7 57. Rf2 Raf8 58. Kd2 Ra8 59. Ke1 Bf8
60. Rc2 Rfa7 61. Kd2 Be7 62. Rdc1 Kc7 63. Rd1 Kc6 64. Rdc1 Kb7 65. Rd1 Ra4 66.
Rdc1 R4a7 67. Rd1 Kc7 68. Rdc1 Kb7 69. Rd1 Ka6 70. Re1 Ka5 71. Rcc1 Rf8 72. Re3
Raa8 73. Kc2 Ka6 74. Kd2 Kb7 75. Kd1 Rf7 76. Rc2 Raf8 77. Rd2 Kc7 78. Rc2 Ra8
79. Rc1 Kc6 80. Kd2 Bf8 81. Rc2 Rfa7 82. Re1 Be7 83. Rec1 Kc7 84. Rb1 Kc6 85.
Rbc1 Bxa3 86. bxa3 Rxa3 87. Rb1 Ra2 88. Rbb2 Rxb2 89. Rxb2 Ra1 90. Ke3 Re1+ 91.
Kd2 Ra1 92. Ke3 Re1+ 93. Kd2 Ra1 94. Kc2 Re1 95. Kd2 Ra1 96. Kc2 Ra3 97. Rb1
Ra2+ 98. Rb2 Rxb2+ 99. Kxb2 b4 100. cxb4 Kb5 101. Kc3 h3 102. Bxh3 Nxh3 103.
Nf1 Ng1 104. Ng3 Nxf3 105. Nh5 Kc6 106. Nf6 Nh2 107. Kb2 Kb5 108. Kc3 Ka4 109.
Nd7 Nxg4 110. Nxb6+ Kb5 111. Nd7 h5 112. Nf6 Nf2 113. Nxh5 Ne4+ 114. Kc2 g4
115. Nf4 g3 116. Ng2 Kxb4 117. Ne1 c3 118. Kd3 Kb3 0-1

[Event "Collado Villaoba op-B 34th"]
[Site "Collado Villalba"]
[Date "2017.08.27"]
[Round "6.11"]
[White "Enriquez Pastor, Jorge"]
[Black "Herrero Corada, Jose Ignacio"]
[Result "1-0"]
[WhiteElo "1472"]
[BlackElo "1828"]
[PlyCount "77"]
[EventDate "2017.08.22"]
[EventType "swiss"]
[EventRounds "9"]
[EventCountry "ESP"]

1. e4 c6 2. d4 d5 3. Nc3 dxe4 4. Nxe4 Nf6 5. Nxf6+ exf6 6. Bc4 Qe7+ 7. Qe2 Be6
8. Bd3 c5 9. dxc5 Qxc5 10. Be3 Qc7 11. Nf3 Bb4+ 12. Nd2 O-O 13. O-O Re8 14. a3
Bd6 15. Nf3 Nd7 16. Qd2 Nf8 17. Rac1 Rad8 18. c3 Bc4 19. Nd4 Bxd3 20. Qxd3
Bxh2+ 21. Kh1 Qe5 22. Qf5 Qb8 23. Qg4 Ng6 24. Qh3 Re4 25. Nf5 Bc7 26. Rcd1 Rde8
27. Rd4 R4e5 28. g3 Qc8 29. Rd7 Ne7 30. Rxe7 Qd8 31. Rxe8+ Qxe8 32. Qg4 g6 33.
Nd4 Rh5+ 34. Kg2 f5 35. Qf3 f4 36. Bxf4 Bxf4 37. Qxf4 Qd7 38. Rh1 g5 39. Qf5
1-0

[Event "Collado Villaoba op-B 34th"]
[Site "Collado Villalba"]
[Date "2017.08.27"]
[Round "6.12"]
[White "Santos Garay-Cordovil, Salvador"]
[Black "Benito Alba, Eladio"]
[Result "1/2-1/2"]
[WhiteElo "1825"]
[BlackElo "1619"]
[PlyCount "61"]
[EventDate "2017.08.22"]
[EventType "swiss"]
[EventRounds "9"]
[EventCountry "ESP"]

1. d4 d5 2. c4 c6 3. Nc3 Nf6 4. Nf3 Bf5 5. e3 e6 6. cxd5 exd5 7. Bd3 Bxd3 8.
Qxd3 Bd6 9. O-O O-O 10. Ne5 Nbd7 11. f4 Ne8 12. e4 dxe4 13. Nxe4 Bxe5 14. fxe5
Nxe5 15. Qc3 Ng6 16. b3 Nd6 17. Nxd6 Qxd6 18. Bb2 f6 19. a4 Rfe8 20. Rae1 Rad8
21. Qf3 Qd5 22. Qg3 Qd7 23. h4 Rxe1 24. Rxe1 Re8 25. Rxe8+ Qxe8 26. Ba3 h5 27.
a5 Qe4 28. Qb8+ Kh7 29. Bc5 Qe1+ 30. Kh2 Qxh4+ 31. Kg1 1/2-1/2

[Event "Collado Villaoba op-B 34th"]
[Site "Collado Villalba"]
[Date "2017.08.27"]
[Round "6.13"]
[White "Criado Riesgo, Manuel"]
[Black "Rodriguez Del Moral, Angel"]
[Result "1-0"]
[WhiteElo "1646"]
[BlackElo "1769"]
[PlyCount "107"]
[EventDate "2017.08.22"]
[EventType "swiss"]
[EventRounds "9"]
[EventCountry "ESP"]

1. d4 Nf6 2. Nf3 g6 3. c4 c5 4. e3 Bg7 5. Nc3 cxd4 6. Nxd4 O-O 7. Bd3 Nc6 8.
Nxc6 dxc6 9. O-O Qc7 10. Ne4 Ng4 11. Ng3 Ne5 12. Qc2 Rd8 13. Be2 Bg4 14. Bxg4
Nxg4 15. h3 Nf6 16. Bd2 Rd7 17. Bc3 Rad8 18. Rad1 h5 19. Bxf6 Bxf6 20. b3 b6
21. Ne4 Bg7 22. Ng5 Qe5 23. Nf3 Qc7 24. Rxd7 Qxd7 25. Qe4 f5 26. Qc2 e5 27. e4
f4 28. c5 b5 29. Re1 a5 30. Re2 Qd1+ 31. Kh2 Bf6 32. Qxd1 Rxd1 33. Rd2 Rxd2 34.
Nxd2 Kf7 35. a3 Be7 36. b4 axb4 37. axb4 Ke6 38. Nb3 g5 39. f3 g4 40. hxg4 hxg4
41. fxg4 Bh4 42. Nc1 Bg5 43. Nd3 Kf6 44. Kh3 Ke6 45. Ne1 Be7 46. Nf3 Bd8 47. g5
Bc7 48. Kg4 Bb8 49. Kh5 Kf7 50. Kh6 Kg8 51. Kg6 Bc7 52. Kf6 Bd8+ 53. Kf5 Bc7
54. Ke6 1-0

[Event "Collado Villaoba op-B 34th"]
[Site "Collado Villalba"]
[Date "2017.08.27"]
[Round "6.14"]
[White "Mataix Fernandez, Ricardo"]
[Black "Marivela Santos, Juan Carlos"]
[Result "1-0"]
[WhiteElo "1762"]
[BlackElo "1716"]
[PlyCount "94"]
[EventDate "2017.08.22"]
[EventType "swiss"]
[EventRounds "9"]
[EventCountry "ESP"]

1. d4 d5 2. Bf4 Nf6 3. e3 e6 4. Bd3 Bd6 5. Bg3 c5 6. c3 c4 7. Bc2 b5 8. Nf3 Bb7
9. Ne5 Nc6 10. f4 O-O 11. Bh4 Be7 12. Nd2 Nxe5 13. fxe5 Nd7 14. Bxe7 Qxe7 15.
Qg4 f5 16. Qg3 b4 17. O-O bxc3 18. bxc3 Qa3 19. Rfc1 Nb6 20. Bd1 Bc6 21. Nf3
Ba4 22. Bxa4 Nxa4 23. Ng5 Rfe8 24. Qe1 h6 25. Nh3 Rab8 26. Nf4 g5 27. Nh5 Re7
28. h3 Nb2 29. Nf6+ Kg7 30. Qe2 Nd3 31. Rc2 Reb7 32. Qh5 Qe7 33. a4 Rb1+ 34.
Rxb1 Rxb1+ 35. Kh2 Rb8 36. Ra2 Qf7 37. Qd1 Rb3 38. Qd2 Qb7 39. Ra1 Rb2 40. Qd1
Rb3 41. a5 Rxc3 42. Qa4 Rb3 43. Ne8+ Kf8 44. Nd6 Qe7 45. Qc6 Rb8 46. Rf1 Nb4
47. Qc5 Kg7 1-0

[Event "Collado Villaoba op-B 34th"]
[Site "Collado Villalba"]
[Date "2017.08.27"]
[Round "6.15"]
[White "Picazo Sancho, Alvaro"]
[Black "Cujba, Anca-Claudia"]
[Result "1/2-1/2"]
[WhiteElo "1772"]
[BlackElo "1664"]
[PlyCount "42"]
[EventDate "2017.08.22"]
[EventType "swiss"]
[EventRounds "9"]
[EventCountry "ESP"]

1. e4 c5 2. Nf3 e6 3. d4 cxd4 4. Nxd4 a6 5. a3 Nf6 6. Nc3 Qc7 7. Be3 b5 8. f3
Bb7 9. Be2 Be7 10. Bd3 O-O 11. O-O Nc6 12. Nxc6 dxc6 13. f4 Rfd8 14. e5 Nd5 15.
Nxd5 cxd5 16. c3 Bc5 17. Bd4 g6 18. Kh1 Qb6 19. Be2 a5 20. Bxc5 Qxc5 21. Qd4
Qc6 1/2-1/2

[Event "Collado Villaoba op-B 34th"]
[Site "Collado Villalba"]
[Date "2017.08.27"]
[Round "6.16"]
[White "Suarez Prieto, Leopoldo"]
[Black "Garcia Lopez, Fernando"]
[Result "1-0"]
[WhiteElo "1648"]
[BlackElo "1558"]
[PlyCount "131"]
[EventDate "2017.08.22"]
[EventType "swiss"]
[EventRounds "9"]
[EventCountry "ESP"]

1. e4 e5 2. Bc4 Nf6 3. f4 Nc6 4. a3 Be7 5. d3 d6 6. Nc3 O-O 7. f5 a6 8. Nf3 b5
9. Ba2 Na7 10. h4 a5 11. Bg5 b4 12. Ne2 Bb7 13. Ng3 d5 14. Nxe5 dxe4 15. Qd2
exd3 16. cxd3 Bd5 17. Bxf6 Bxf6 18. d4 Bxa2 19. Rxa2 b3 20. Ra1 Bxe5 21. dxe5
Qxd2+ 22. Kxd2 a4 23. Ke3 Rfe8 24. Kf4 Nc6 25. Rhe1 Nd4 26. Re4 c5 27. Rc1 Nc2
28. Rd1 h6 29. h5 Rec8 30. Ne2 c4 31. Nc3 Kf8 32. g4 Rc6 33. Rd6 Rcc8 34. e6
fxe6 35. fxe6 Ke8 36. Rd7 Kf8 37. Re5 Kg8 38. Rf5 Rf8 39. Rff7 Rxf7+ 40. Rxf7
Re8 41. Ke5 Ne3 42. Rf4 Ng2 43. Rxc4 Ne1 44. Rxa4 Nd3+ 45. Kd6 Nxb2 46. Rb4 Nd3
47. Rxb3 Nf4 48. e7 Kf7 49. Rb4 g5 50. a4 Rxe7 51. a5 Nd3 52. Rb6 Ne5 53. Kd5
Nxg4 54. a6 Ne3+ 55. Kc5 Rc7+ 56. Kd4 Nf5+ 57. Kd3 Rc8 58. Rb7+ Ke6 59. Nb5 Rc6
60. Nc7+ Kd7 61. a7 Nd6 62. Nd5+ Nxb7 63. a8=Q Nc5+ 64. Ke2 Ra6 65. Qf8 Ra2+
66. Kd1 1-0

[Event "Collado Villaoba op-B 34th"]
[Site "Collado Villalba"]
[Date "2017.08.27"]
[Round "6.17"]
[White "Martin Garcia, Francisco Javier"]
[Black "Barranco Martinez, Gabriel"]
[Result "0-1"]
[WhiteElo "1551"]
[BlackElo "1640"]
[PlyCount "177"]
[EventDate "2017.08.22"]
[EventType "swiss"]
[EventRounds "9"]
[EventCountry "ESP"]

1. d4 Nf6 2. Nf3 e6 3. g3 b6 4. Bg2 Bb7 5. O-O c5 6. dxc5 Bxc5 7. c4 O-O 8. Nc3
Nc6 9. Bf4 Ne7 10. Bd6 Bxd6 11. Qxd6 Nf5 12. Qd3 Rc8 13. e4 Ne7 14. e5 Ne8 15.
Ng5 Ng6 16. Bxb7 Rc7 17. Bg2 Qxg5 18. f4 Qf5 19. Be4 Qg4 20. Nb5 Rc5 21. b4
Nxe5 22. fxe5 Rxe5 23. Rf4 Qg5 24. Bxh7+ Kh8 25. Rh4 Nf6 26. Be4+ Kg8 27. Re1
g6 28. Nd4 Rxe4 29. Rhxe4 Nxe4 30. Qxe4 Qd2 31. a3 Qc3 32. Nc2 Rc8 33. Re3 Qxc4
34. Qxc4 Rxc4 35. Ne1 Kg7 36. Kf2 d5 37. h3 Kf6 38. Rf3+ Ke7 39. Re3 Kd6 40.
Nf3 f6 41. h4 e5 42. Re2 Rc3 43. Ra2 d4 44. Ke2 Kd5 45. g4 e4 46. Ng1 Rg3 47.
Kf2 Rxg4 48. h5 gxh5 49. Rc2 e3+ 50. Kf1 d3 51. Rc8 e2+ 52. Nxe2 dxe2+ 53. Kxe2
Rg3 54. Rh8 Rxa3 55. Rxh5+ Ke4 56. Rh4+ Ke5 57. Rh8 a5 58. bxa5 Rxa5 59. Re8+
Kf5 60. Kd3 Re5 61. Rh8 Kf4 62. Rf8 f5 63. Rg8 Kf3 64. Kc4 f4 65. Kd3 Kf2 66.
Rg6 b5 67. Kd2 f3 68. Rg4 Re2+ 69. Kd3 Rb2 70. Rh4 Kg1 71. Ke3 Rb3+ 72. Kd2 f2
73. Rg4+ Kh2 74. Ke2 Rb2+ 75. Kf1 b4 76. Rg8 b3 77. Rh8+ Kg3 78. Rg8+ Kf4 79.
Rf8+ Ke3 80. Re8+ Kd3 81. Rd8+ Kc2 82. Kxf2 Kb1+ 83. Ke1 Rc2 84. Rd1+ Kb2 85.
Rd8 Kb1 86. Rb8 b2 87. Kd1 Rc3 88. Rh8 Ka2 89. Rb8 0-1